00586nam a22001817a 450000500170000001000150001702000260003203500130005803700130007108200130008410000190009724500870011626000330020327000680023630000230030450000500032770000270037720141119125439.0 aENG-111142 c995.00a9789382420569 aEN-94674 bDBAD/PUB a364.1324 aPani, Niranjan aDance of corruption :cby Niranjan Pani [and] Mohammad Alle Rafiquebtime to act / aNew DelhibKunal Booksc2014 bNew Delhie110002a4648/21, First Floor, Ansari Road, Daryaganj av, 274p.c23cm(Hb) aIncludes bibliographical references and index aMohammad Alle Rafique